000 00463nam a22001697a 4500
005 20250319163346.0
008 250319b |||||||| |||| 00| 0 eng d
020 _a9789358000054
041 _aEng.
082 _a658.001 GIL
100 _aGilbreth, Lillian Moller
245 _aPsychology Of Management
260 _aDelhi
_bLector House
_c2024
300 _a191;. 24 cm
650 _aManagement Psychological Aspects; Organizational Behavior
942 _cBK
999 _c43347
_d43347